书目信息 |
| 题名: |
艺术帝国
|
|
| 作者: | 邹柯 | |
| 分册: | ||
| 出版信息: | 深圳 重庆出版社 2000 |
|
| 页数: | 73 | |
| 开本: | 26cm | |
| 丛书名: | ||
| 单 册: | ||
| 中图分类: | J33 | |
| 科图分类: | ||
| 主题词: | 雕塑--世界 , 雕塑--各国 | |
| 电子资源: | ||
| ISBN: | 7-5366-5098-1 | |
| 000 | 00514nam0 2200193 450 | |
| 001 | 0729297901 | |
| 005 | 20071003080817.90 | |
| 010 | @a7-5366-5098-1@b精装@d¥46.00 | |
| 100 | @a20071003d km y0chiy0120 ea | |
| 101 | 0 | @achi |
| 200 | 1 | @a艺术帝国@Ayi shu di guo@f邹柯@Fzou ke |
| 210 | @a深圳@c重庆出版社@d2000 | |
| 215 | @a73@d26cm | |
| 606 | 0 | @a雕塑@x世界 |
| 606 | 0 | @a雕塑@y各国 |
| 690 | @aJ33@v4 | |
| 701 | 0 | @a邹柯@Azou ke |
| 801 | 0 | @aCN@b大连网信软件有限公司图书馆·11@c20071003 |
| 905 | @a213230@dJ33@eM8 | |
| 艺术帝国/邹柯.-深圳:重庆出版社,2000 |
| 73;26cm |
| ISBN 7-5366-5098-1(精装):¥46.00 |
| ● |
| 相关链接 |
|
|
|
|
正题名:艺术帝国
索取号:J33/M8
 
预约/预借
| 序号 | 登录号 | 条形码 | 馆藏地/架位号 | 状态 | 备注 |
| 1 | 6400921 | 264009218 | 密集书库-美术系/ [索取号:J33/M8] | 在馆 |